000 00858nam a2200241Ia 4500
003 OSt
005 20220923222323.0
006 a|||||r|||| 00| 0
007 ta
008 220922b |||||||| |||| 00| 0 hin d
024 _a204,467
037 _cTextual
040 _aARTS
_cARTS
_bhin
041 _2hin
_ahin
082 _aO156,3N22,1, 152L6
100 _aमाड़िया, चुन्नीलाल; उपाध्याय, रमेश, अनु.
_9166742
245 0 _aधूप-छॉइ
246 _aDhūpa-chhaॉi
260 _aदिल्ली
_b नेशनल बुक ट्रस्ट
_c1976
300 _a338पृ.
_ccm.
942 _hO156,3N22,1, 152L6
_cTEXL
_2CC
999 _c355216
_d355216